call of duty zombies verruckt - Statistics

General Stats
  • This quiz has been taken 37 times
  • The average score is 5 of 11
Answer Stats
Hint Answer % Correct
verruckt is during what year 1945
86%
multiplayer name for verruckt asylum
69%
where is verruckt germany
69%
what does verruckt mean crazy
66%
what month is verruckt during september
55%
unadded perk in world at war but is in black ops 3 and black ops version mule kick
48%
character for world at war tank dempsey
48%
character for world at war john banana
21%
character for world at war smokey
21%
campaign name for verruckt ring of steel
7%
trap in verruckt electro shock defenses
3%
No matching quizzes found
Score Distribution
Percent of People with Each Score
Percentile by Number Answered
Your Score History
You have not taken this quiz